=LDR 00000nam 2200000 4500 =001 INLIS000000000018343 =005 20260312094538 =035 ##$$a 0010-061300000018343 =008 260312################g##########0#ind## =041 ##$$a Ind =082 ##$$a 344.01 =090 ##$$a 334.01, Jum h =100 1#$$a Jumialdji, FX =245 1#$$a Himpunan peraturan perundang-undangan perburuhan bidang pemutusan hubungan kerja (PHK) /$c FX Jumialdji =260 ##$$a Bandung :$b Citra Aditya Bakti,$c 1993 =300 ##$$a viii, 197 hlm. ; $c 21 cm =650 #4$$a Hukum Perburuhan-Himpunan =850 ##$$a NBPNMAT =020 ##$$a 979-414-661-7 =084 ##$$a 344.01 JUM h =250 ##$$a Cet. 1 =990 ##$$a 00043011